Hijos de la ira : diario íntimo /

Gardado en:
Detalles Bibliográficos
Autor Principal: Alonso, Dámaso (autor)
Formato: Libro
Idioma:Lingua castelá
Publicado: Buenos Aires, Argentina : Espasa-Calpe, 1946, c1946
Series:(Austral ; 595)
Temas:
Etiquetas: Engadir etiqueta
Sen Etiquetas, Sexa o primeiro en etiquetar este rexistro!

MARC

LEADER 00000nam^a2200000^a^4500
001 000163961
005 20250521000000.0
009 20260310100925.596
037 |a Acervo ITESO - Biblioteca 
041 |a ESP 
082 |a 808.  |b AUS V. 595 
100 |a Alonso, Dámaso  |e (autor) 
240 1 1 |a [Hijos de la ira: diario íntimo] 
245 1 0 |a Hijos de la ira :  |b diario íntimo /  |c D. Alonso. 
264 4 |a Buenos Aires, Argentina :  |b Espasa-Calpe,  |c 1946, c1946 
300 |a 167 p. 
336 |a texto  |b txt  |2 rdacontenido 
337 |a sin mediación  |b n  |2 rdamedio 
338 |a volumen  |b nc  |2 rdasoporte 
440 1 |a (Austral ;  |v 595) 
545 0 |a Dámaso Alonso (1898-1989) forma parte de la brillante Generación del 27 que revaloró el barroco y renovó sustancialmente la poesía española. Sus obras poéticas incluyen: Poemas puros: poemillas de la ciudad (1921); Oscura noticia (1944); Hijos de la ira (1944); Hombre y Dios (1955); Gozos de la vista (1981), entre otros. En ensayo destaca La lengua poética de Góngora (1935); Estudios y ensayos gongorinos (1955); Seis calas en la expresión literaria española (1951). Obtuvo el Premio Cervantes en 1978. 
649 |a XX 
650 |a Poesía Española 
650 |a Literatura Española -  |y Generación del 27 
650 |a Literatura Española -  |y Siglo XX 
910 |a Fondo Armando Suárez Gómez 
920 |a Impresos - Libros 
930 |a Fondos Especiales 
940 |a Literatura 
905 |a 111 
901 |a 0700005504  |b IT2  |c ESP  |u 20250521 
902 |a https://opac.biblio.iteso.mx/vufind/Record/000163961